Tout les vainqueurs du top 14 dans l'ordre - Statistiques

Statistiques générales
  • Ce quiz a été pris 44 fois
  • Le résultat moyen est 18 sur 30
Statistiques - réponses
Hint Réponse % Correct
2024 Stade toulousain
86%
2025 Stade toulousain
86%
1996 Stade toulousain
83%
1997 Stade toulousain
83%
2023 Stade toulousain
83%
2021 Stade toulousain
80%
2019 Stade toulousain
74%
2022 Montpellier HR
71%
2020 Non attribué
71%
1999 Stade toulousain
69%
2017 ASM Clermont
66%
2001 Stade toulousain
63%
2011 Stade toulousain
63%
2008 Stade toulousain
60%
2012 Stade toulousain
60%
2010 ASM Clermont
57%
2018 Castres Olympique
54%
1998 Stade français paris
54%
2003 Stade français paris
54%
2015 Stade français paris
54%
2009 USA Perpignan
54%
2000 Stade français paris
51%
2004 Stade français paris
51%
2007 Stade français paris
51%
2002 Biarritz olympique
46%
2005 Biarritz olympique
46%
2013 Castres Olympique
46%
2016 Racing 92
46%
2006 Biarritz olympique
43%
2014 RC toulon
43%
Aucun quiz correspondant
Distribution des résultats
% des personnes avec chaque résultat
Percentile par nombre de réponses
Votre historique - résultats
Vous n’avez pas pris ce quiz